000 00774nam a2200241 a 4500
001 43855
003 BD-RjUL
005 20211209053749.0
008 160628s1968 enk b 001 0 eng
035 _a(BD-RjUL)43973
040 _aDLC
_cDLC
_dBD-RjUL
_beng
041 _aeng
082 0 0 _a341
_223
_bMAN 1968
245 0 0 _aManual of public international law /
_cedited by Max Sørensen.
260 _aLondon :
_bSt. Martin's P. ,
_cc1968.
300 _alxv, 930 p. ;
_c23 cm.
500 _aProject of the Carnegie Endowment for International Peace.
504 _aIncludes index and bibliographies.
650 0 _aInternational law.
_9134772
700 1 _aSørensen, Max,
_eed.
_9134773
710 2 _aCarnegie Endowment for International Peace.
_9129589
942 _2ddc
_cBK
999 _c43855
_d43855